Jusqu'où irez vous ? #22 (Culture Générale) - Statistiques

Statistiques générales
  • Ce quiz a été pris 156 fois
  • Le résultat moyen est 7 sur 26
Statistiques - réponses
Hint Réponse % Correct
Donnez la proposition qui est la bonne réponse (échauffement - il faut toujours répondre par la lettre à gauche - toutes les autres lettres sont piègés même celles non proposées) : A - la bonne réponse A
100%
Quel poête français a écrit Les Fleurs du mal ? A - Charles Baudelaire B - Pierre de Ronsard A
100%
Quel pays a le plus d'habitants en 2025 parmi les trois propositions ?
A - Allemagne B - Brésil
C - Canada
B
98%
Quelle proposition est un synonyme de bourlinguer ?
A - décaler B - entrer C - surprendre
D - voyager
D
95%
Quelle proposition était un coéquipier de Michael Jordan chez les Bulls de Chicago lors des finales NBA de 1996 (les autres jouaient en face pour les SuperSonics de Seattle) ?
A - Dennis Rodman B - Gary Payton C - Hersey Hawkins D - Sam Perkins
E - Shawn Kemp
A
83%
Quelle proposition est un animal à six pattes quand il est adulte ?
A - une araignée B - une fourmi C - un homard D - un humain E - un porc
F - un singe
B
78%
Quelle proposition n'était pas un des six centres d'extermination nazis ? A - Auschwitz-Birkenau B - Bełżec C - Chełmno D - Majdanek E - Sobibór F - Treblinka G - Wiesbaden G
48%
Quelle proposition n'est pas un des 7 pêchés capitaux :
A - L’avarice B - L’envie C - L’orgueil D - La colère E - La distraction F - La gourmandise G - La luxure H - La paresse
E
47%
Quelle est la date de la mort de Maximilien de Robespierre ?
A - 28 juillet 1789 B - 28 juillet 1790 C - 28 juillet 1791 D - 28 juillet 1792 E - 28 juillet 1793 F - 28 juillet 1794 G - 28 juillet 1795 H - 28 juillet 1796 I - 28 juillet 1797
F
29%
Quelle proposition n'est pas un hymne national d'un pays de l'Union Européenne ?
A - A Portuguesa B - Deșteaptă-te, române! C - Fratelli d'Italia D - Hatikvah E - La Brabançonne F - La Marseillaise G - Land der Berge, Land am Strome H - Marcha Real I - Mazurek Dąbrowskiego J - Wilhelmus van Nassouwe
D
15%
Laquelle de ces villes est la plus proche de la Tour Eiffel à vol d'oiseau ?
A - Angoulême (Charente) B - Blois (Loir-et-Cher) C - Charleville-Mézières (Ardennes) D - Châteauroux (Indre) E - Cherbourg-en-Cotentin (Manche) F - Dunkerque (Nord) G - Lorient (Morbihan) H - Metz (Moselle) I - Nevers (Nièvre) J - Poitiers (Vienne) K - Verdun (Meuse)
B
11%
Donnez la proposition qui n'est pas un nom de personnage du dessin animé Les Razmoket (en vf) ?
A - Angelica « Couette-Couette » Cornichon B - Alphonse de la Tranche (un des Grumeaux) C - Charles-Édouard « la Binocle » Fifrelin D - Gertrude (ou Betty) De La Tranche E - Kimi Watanabe-Fifrelin F - Jean-Roger Cornichon G - Jules Cornichon H - Roger-Jean Cornichon I - Sammy Rogers J - Sophie de la Tranche (un des Grumeaux) K - Todd McNulty L - Tommy « Casse-bonbon » Cornichon
I
7%
Quelle proposition est un personnage joué par Marlon Brando au cinéma ? (Moins marquant que Vito Corleone ^^) A - Anakin Skywalker, le père de Luke Skywalker B - George McFly, le père de Marty Mc Fly C - Guido Orefice, le père de Giosué D - Henry Jones, Sr, le père d'Indiana Jones E - Jack Torrance, le père de Danny Torrance F - John Clayton, le père de Tarzan G - Jor-El, le père de Superman H - Le malheureux Yvan, père de Miou-Miou dans les Valseuses I - Mufasa, le père de Simba J - Robert Parker, le père de Spider-Man K - Robert Gru, le père de Gru L - Samuel « Sam » Parrish, père d'Alan Parrish M - Taureau ailé, le père de dos courbé N - Un Pieds-Noirs d'origine napolitaine et parmesane, père de Mado la niçoise G
3%
Lequel de ces médaillés d'or français aux JO de Paris 2024 n'a pas été champion olympique de Volley-ball (mais médaillé d'or dans une autre discipline) ?
A - Antoine Brizard B - Barthélémy Chinenyeze C - Benjamin Toniutti D - Earvin N'Gapeth E - Jean Patry F - Jenia Grebennikov G - Kévin Tillie H - Nicolas Gestin I - Nicolas Le Goff J - Quentin Jouffroy K - Théo Faure L - Trévor Clévenot M - Yacine Louati
H
3%
Donnez la proposition qui ne fait pas partie des Quatorze besoins fondamentaux proposés par Virginia Henderson en 1947, devenu un modèle conceptuel utilisé en soins infirmiers.
A - Apprendre B - Se recréer C - S'occuper en vue de se réaliser D - Agir selon ses croyances et ses valeurs E - Communiquer avec ses semblables F - Éviter les dangers G - Être propre et protéger ses téguments (tissu biologique) H - Maintenir sa température corporelle I - Se vêtir et se dévêtir J - Dormir, se reposer K - Suivre la mode et les évolutions technologiques L - Se mouvoir et maintenir une bonne posture M - Éliminer N - Boire et manger O - Respirer
K
2%
Donnez la proposition qui est dans les paroles de la chanson Imagine de John Lennon
A - Imagine no assets B - Imagine no belongings C - Imagine no capital D - Imagine no dominion E - Imagine no estate F - Imagine no fortunate G - Imagine no goods H - Imagine no holdings I - Imagine no income J - Imagine no jewels K - Imagine no keepsakes L - Imagine no luxuries M - Imagine no money N - Imagine no net worth O - Imagine no ownership P - Imagine no possessions
P
2%
Laquelle de ces heures est surnommé l'Heure du Diable comme évoqué dans le film et la série TV The Devil's Hour ?
A - 0h06 B - 1h11 C - 2h22 D - 3h33 E - 4h44 F - 5h55 G - 6h06 H - 7h07 I - 8h08 J - 9h09 K - 10h10 L - 11h11 M - 12h21 N - 13h31 O - 14h41 P - 15h51 Q - 16h16 R - 17h17 S - 18h18 T - 19h19 U - 20h20 V - 21h12 W - 22h22 X - 23h32
D
1%
Quel mot anglais est la traduction en français la plus proche de plénitude ?
A - anger B - boredom C - chaos D - despair E - excitement F - fullness G - gratitude H - happiness I - isolation J - jealousy K - kindness L - loneliness M - misery N- nostalgia O - optimism P - panic Q - quiet R - relaxation S - stress T - tension U - unease
F
1%
Quelle proposition n'est pas une des 16 personnalités qui peut ressortir du test Myers Briggs Type Indicator (MBTI) A - amuseur
B - architecte C - avocat D - aventurier E - commandant F - consul G - defenseur H - entrepreneur I - hybride J - innovateur K - inspirateur L - leader M - logicien N - logisticien O - médiateur P - protagoniste Q - virtuose
I
1%
Quelle expression française signifie faire l'imbécile ?
A - faire l'armand B - faire le bastien C - faire le cyprien D - faire le david E - faire l'ernest F - faire le fabrice G - faire le gaston H - faire le hervé I - faire l'ivan J - faire le jacques K - faire le kamel L - faire le lilian M - faire le mehdi N - faire le norbert O - faire l'oscar P - faire le patrice Q - faire le quentin R - faire le raymond S - faire le stéphane T - faire le tarik
J
1%
Quelle proposition ne fait pas partie des bombardements alliés les plus meurtriers durant l'occupation allemande (de plus de 250 morts) et où il n'y a quasiment pas eu de coup de feu ?
A - Avignon B - Boulogne-Billancourt C - Caen D - Fougères E - Juvisy-sur-Orge F - Le Havre G - Le Portel H - Lisieux I - Lyon J - Marseille K - Mayenne L - Mende M - Nantes N - Noisy-le-Sec O - Paris Q - Rennes R - Rouen S - Royan T - Saint-Étienne U - Saint-Nazaire V - Sartrouville W - Strasbourg X - Toulon Y - Vire
L
1%
Quelle proposition est le titre de l'épisode 7 saison 5 de Breaking Bad en vo s'intitulant "Heisenberg" en vf ?
A - Abiquiu B - Buried C - Confessions D - Crazy Handful of Nothin' E - Felina F - Gray Matter G - Live Free or Die H - Madrigal I - Negro Y Azul J - Over K - Peekaboo L - Salud M - Say My Name N- Shotgun O - The Cat's in the Bag… P - …and the Bag's in the River Q - To'hajiilee (To'hajiilee R - Wedding Day
M
1%
Laquelle de ces écrivaines est la fille naturelle de François Mitterrand, ancien président de la République française ?
A - Anne Calife B - Béatrice Commengé C - Clara Benador D - Denise Boucher E - Évelyne Brisou-Pellen F - Françoise Bourdon G - Gina Dick Boguifo H - Hélène Dorion I - Isabelle Desesquelles J - Julie Annen K - Karelle Ménine L - Leïla Bouherrafa M - Mazarine Pingeot N - Nicole de Buron O - Odile Weulersse P - Pauline Réage Q - Quitterie Mitterand R - Rachel Monnat S - Suzanne Lauriot Prévost
M
1%
Quelle proposition n'est pas une pièce de théâtre de Molière ? A - Les Amants magnifiques B - Amphitryon C - L'Avare D - Le Bourgeois gentilhomme E - Le Dépit amoureux F - Dom Juan ou le Festin de Pierre G - L'École des femmes H - L'Étourdi ou les Contretemps I - Les Femmes savantes J - Les Fourberies de Scapin K - George Dandin ou le Mari confondu L - L'Impromptu de Versailles M - La Jalousie du Barbouillé N - Le Malade imaginaire O - Le Médecin malgré lui P - Le Misanthrope Q - Pastorale comique R - Les Précieuses ridicules S - Narcisse ou l'Amant de lui-même T - Psyché U - Sganarelle ou le Cocu imaginaire V - Le Tartuffe ou l'Imposteur
S
1%
Quelle proposition n'était pas une des 23 équipes cyclistes engagées sur le Tour de France masculin en 2015 :
A - AG2R La Mondiale B - Astana C - BMC Racing D - Bora-Argon 18 E - Bretagne-Séché Environnement F - Cannondale-Garmin G - Cofidis H - Etixx-Quick Step I - Europcar J - FDJ K - Giant-Alpecin L - IAM M - Katusha N- Lampre-Merida O - Lotto NL-Jumbo P - Lotto-Soudal Q - Movistar R - MTN-Qhubeka S - Orica-GreenEDGE T - Saeco-Valli & Valli U - Sky V - Tinkoff-Saxo W - Trek Factory Racing
T
1%
Lequel de ces pilotes de F1 était non partant sur la grille de départ du grand prix de Saint-Marin le 1er mai 1994, qui a coûté la vie à Ayrton Senna ?
A - Andrea De Cesaris B - Ayrton Senna C - Bertrand Gachot D - Christian Fittipaldi E - Damon Hill F - David Brabham G - Éric Bernard H - Érik Comas I - Gerhard Berger J - Gianni Morbidelli K - Heinz-Harald Frentzen L - Johnny Herbert M - Jyrki Järvilehto N- Karl Wendlinger O - Mark Blundell P - Martin Brundle Q - Michael Schumacher R - Michele Alboreto S - Mika Häkkinen T - Nicola Larini U - Olivier Beretta V - Olivier Panis W - Pedro Lamy X - Pierluigi Martini Y - Roland Ratzenberger Z - Ukyo Katayama
Y
1%
Aucun quiz correspondant
Distribution des résultats
% des personnes avec chaque résultat
Percentile par nombre de réponses
Votre historique - résultats
Vous n’avez pas pris ce quiz